000
00245nam a2200097Ia 4500
001
798444
005
20250826170827.0
008
250824s9999 xx 000 0 und d
245
0
_a
DOST KAYIĞI
_c
BİLAL SAMİ GÖKDEMİR
260
_b
PANAMA YAYINLARI
999
_c
798444
_d
798444